Experimental Electrochemistry: a laboratory textbook
Salvato in:
| Autore principale: | |
|---|---|
| Natura: | Libro |
| Lingua: | inglese |
| Pubblicazione: |
Weinheim
Wiley-VCH
2009
|
| Edizione: | 1a. ed |
| Soggetti: | |
| Tags: |
Aggiungi Tag
Nessun Tag, puoi essere il primo ad aggiungerne!!
|
MARC
| LEADER | 00000cam a2200000 a 4500 | ||
|---|---|---|---|
| 001 | UCC5154 | ||
| 003 | CL-VaPUC | ||
| 008 | 180927e20090000gw |||||||||||||||||eng|d | ||
| 020 | |a 9783527310982 | ||
| 082 | 0 | 4 | |a 541.37 |b HOL |2 21 |
| 100 | 0 | |a Holze, Rudolf |e author |9 599415 | |
| 245 | 1 | 0 | |a Experimental Electrochemistry: a laboratory textbook |
| 250 | |a 1a. ed | ||
| 300 | |a 242 p | ||
| 942 | |c BK | ||
| 945 | |d 20180927 22:58:00 |a dcastane | ||
| 260 | |a Weinheim |b Wiley-VCH |c 2009 | ||
| 650 | 0 | |a Electroquímica |9 263973 | |
| 650 | 7 | |a EXPERIMENTOS DE LABORATORIO |2 CL-VaPUC |9 530029 | |
| 583 | |a last modification |c 20180927 22:58:00 |k Rodrigo Vera | ||
| 999 | |c 372429 |d 372427 | ||
| 952 | |0 0 |1 0 |3 erb |4 0 |6 541_370000000000000_HOL_2009 |7 0 |8 A |9 490087 |a BIBING |b BIBING |i 5501903 |o 541.37 HOL 2009 |p 5501903 |r 2025-01-20 |w 2019-11-24 |y BK |z Catalogado en:20180927 |k EIQ | ||